|
|
|
|
| LEADER |
00000cas a2200000 a 4500 |
| 001 |
vtls008375845 |
| 003 |
SK-MaSNL |
| 005 |
20260228160511.0 |
| 008 |
251013d19401949xo ar 0 0slo |
| 015 |
|
|
|a SKSNBA19421945-137/3290
|
| 035 |
|
|
|a SKM000070525
|
| 040 |
|
|
|a SNK
|b slo
|c SNK
|e AACR2
|
| 041 |
0 |
|
|a slo
|
| 043 |
|
|
|a e-xo---
|
| 044 |
|
|
|a xo
|c SK
|
| 072 |
|
7 |
|a 373.5/.6
|x Stredné školy
|2 konspekt
|
| 080 |
|
|
|a 373.5:62
|2 2011
|
| 080 |
|
|
|a (437.642)
|2 2011
|
| 080 |
|
|
|a (047.1)
|2 2011
|
| 101 |
|
|
|a vtls008375845
|
| 110 |
2 |
|
|a Štátna slovenská priemyselná škola (Banská Bystrica, Slovensko)
|9 266757
|
| 245 |
1 |
0 |
|a Ročná zpráva Štátnej slovenskej priemyselnej školy v Banskej Bystrici ...
|c Štátna slovenská priemyselná škola v Banskej Bystrici
|
| 246 |
1 |
3 |
|a Výročná zpráva Štát. priemyselnej školy v Banskej Bystrici za školský rok ...
|f 1945/1946
|
| 260 |
|
|
|a Banská Bystrica
|b Kníhtlačiareň Bystrá
|c 1940-1949
|
| 260 |
3 |
|
|3 1946-[1949]
|a Banská Bystrica
|b Kníhtlačiareň Grafia
|
| 300 |
|
|
|a 10 zv.
|c 20 cm
|
| 310 |
|
|
|a 1x ročne
|
| 362 |
0 |
|
|a [1 (1939/40)]-1948/49
|
| 500 |
|
|
|a Na začiatku názvu je uvedené poradové číslo správy
|
| 500 |
|
|
|a Súčasťou názvu je označenie školského roku
|
| 500 |
|
|
|a Popis podľa: R. 1943/1944
|
| 650 |
0 |
7 |
|a stredné priemyselné školy
|2 SNKPH
|9 73924
|
| 651 |
|
7 |
|a Banská Bystrica (Slovensko)
|2 SNKPHgeo
|9 22015
|
| 655 |
|
7 |
|a výročné správy
|2 SNKPH
|9 70580
|
| 910 |
|
|
|a snk
|
| 999 |
|
|
|c 2818
|d 4748
|
| 952 |
|
|
|0 0
|1 0
|4 0
|7 0
|8 5
|a SNK
|b SNK
|d 2025-10-09
|i snkF 3353/84
|l 0
|o snkČSD 575/5/1943-1944 D1
|p 17A1556403
|r 2026-02-21 20:03:16
|w 2026-02-21
|y PREZ
|
| 952 |
|
|
|0 0
|1 0
|4 0
|7 0
|8 5
|a SNK
|b SNK
|d 2025-10-09
|i snkF 1184/71
|l 0
|o snkČSD 575/1945-1946 D1
|p 17A1556404
|r 2026-02-21 20:03:16
|w 2026-02-21
|y PREZ
|